000 00534nam a22001937a 4500
003 UOg
005 20140310181739.0
008 130322t xxu||||| |||| 00| 0 eng d
020 _a9211008514
050 _aJZ 6369
_b.A56
082 _aJZ 6369
_b.A56
245 _aCommon destiny, new resolve
_bannual report on the work of the organization 2000
_cKofi A. Annan
260 _aNew York
_bUnited Nations
_c[2000]
300 _avi, 127 p.
_c20 cm.
521 _ateachers
541 _j1
562 _e1
942 _2lcc
_cBK-TR
_kTR
999 _c2684
_d2684